Into the labyrinth : (Record no. 1831)
[ view plain ]
| 000 -LEADER | |
|---|---|
| fixed length control field | 01493cam a2200361 a 4500 |
| 001 - CONTROL NUMBER | |
| JCCL Control Number | 1831 |
| 003 - CONTROL NUMBER IDENTIFIER | |
| JCCL marc code | BD-JhCC |
| 005 - DATE AND TIME OF LATEST TRANSACTION | |
| control field | 20171024211203.0 |
| 008 - FIXED-LENGTH DATA ELEMENTS--GENERAL INFORMATION | |
| fixed length control field | 930617s1994 nyua b 001 0 eng |
| 020 ## - INTERNATIONAL STANDARD BOOK NUMBER | |
| International Standard Book Number | 0070071888 |
| 035 ## - SYSTEM CONTROL NUMBER | |
| system control number | (BD-JhCC)1831 |
| 040 ## - CATALOGING SOURCE | |
| Original cataloging agency | DLC |
| Transcribing agency | DLC |
| Modifying agency | DLC |
| -- | LC |
| 041 ## - LANGUAGE CODE | |
| Language code of Book | eng |
| 050 14 - LIBRARY OF CONGRESS CALL NUMBER | |
| Classification number | DS63.2.U5 |
| Item number | B73 1994 |
| 050 14 - LIBRARY OF CONGRESS CALL NUMBER | |
| Classification number | DS63.2 |
| Item number | .U5 B73 1994 |
| 082 00 - DEWEY DECIMAL CLASSIFICATION NUMBER | |
| Classification number | 327.73056 |
| DDC Edition number | 20 |
| Author mark and Year | BRA 1994 |
| 100 1# - MAIN ENTRY--PERSONAL NAME | |
| Personal name | Brands, H. W. |
| 245 10 - TITLE STATEMENT | |
| Title | Into the labyrinth : |
| Remainder of title | the United States and the Middle East, 1945-1993 / |
| Statement of responsibility, etc | H.W. Brands. |
| 260 ## - PUBLICATION, DISTRIBUTION, ETC. (IMPRINT) | |
| Place of publication, distribution, etc | New York : |
| Name of publisher, distributor, etc | McGraw Hill, |
| Date of publication, distribution, etc | c1994. |
| 300 ## - PHYSICAL DESCRIPTION | |
| Pagination | xviii, 234 p. : |
| Other physical details | ill. ; |
| Dimensions | 21 cm. |
| 440 #0 - | |
| Title | America in crisis |
| 504 ## - BIBLIOGRAPHY, ETC. NOTE | |
| Bibliography, etc | Includes bibliographical references and index. |
| 505 00 - FORMATTED CONTENTS NOTE | |
| Formatted contents note | Machine derived contents note: CHAPTER 1: Into the Labyrinth: 1945-1948 -- CHAPTER 2: With Friends like These: 1948-1955 -- CHAPTER 3: Deeper and Deeper: 1957-1966 -- CHAPTER 4: More War: 1966-1973 -- CHAPTER 5: Over a Barrel: 1973-1980 -- CHAPTER 6: Full Immersion 1980-1992. |
| 651 #0 - SUBJECT ADDED ENTRY--GEOGRAPHIC NAME | |
| Geographic name | Middle East |
| General subdivision | Foreign relations |
| Geographic subdivision | United States. |
| 651 #0 - SUBJECT ADDED ENTRY--GEOGRAPHIC NAME | |
| Geographic name | United States |
| General subdivision | Foreign relations |
| Geographic subdivision | Middle East. |
| 653 0# - INDEX TERM--UNCONTROLLED | |
| Uncontrolled term | Foreign relations |
| -- | History |
| 653 0# - INDEX TERM--UNCONTROLLED | |
| Uncontrolled term | United States |
| 653 0# - INDEX TERM--UNCONTROLLED | |
| Uncontrolled term | Middle East |
| 856 41 - ELECTRONIC LOCATION AND ACCESS | |
| Materials specified | Table of contents |
| Uniform Resource Identifier | http://www.loc.gov/catdir/toc/mh022/93028110.html |
| 856 42 - ELECTRONIC LOCATION AND ACCESS | |
| Materials specified | Publisher description |
| Uniform Resource Identifier | http://www.loc.gov/catdir/description/mh022/93028110.html |
| 942 ## - ADDED ENTRY ELEMENTS (KOHA) | |
| Source of classification or shelving scheme | Dewey Decimal Classification |
| Koha item type | Books |
| Source of classification or shelving scheme | Damaged status | Not for loan | Home library | Current library | Shelving location | Date of accession | Total Checkouts | Full call number | Barcode | Date last seen | Copy number | Koha item type |
|---|---|---|---|---|---|---|---|---|---|---|---|---|
| Dewey Decimal Classification | JCC Rouf Library | JCC Rouf Library | General Stacks | 10/24/2017 | 327.73056 BRA 1994 | 3074 | 10/24/2017 | C-1 | Books |